| 000 | 01203nam a2200229 u 4500 | ||
|---|---|---|---|
| 001 | 000652147 | ||
| 003 | AM-YeHGA | ||
| 005 | 20250617141237.0 | ||
| 008 | 090418s1974 ||||||||||||||||||||rus|c | ||
| 040 | _aAM-YeHGA | ||
| 041 | 0 | _arus | |
| 100 | 1 | _aГельман, Нора Эфраимовна | |
| 245 | 1 | 0 |
_aОпределение углерода и водорода в органических соединениях : _bСистематизированный библиографический справочник / _cН.Э. Гельман, Е.Н. Бунэ ; Отв. ред. М.И. Кабачник ; АН СССР. Ин-т элементоорганических соединений. |
| 260 |
_aМосква : _bНаука, _c1974. |
||
| 300 | _a160 с. | ||
| 650 | 1 | 4 |
_aБиблиография _xФизика |
| 653 | 0 | _aОрганические соединения - Химическая анализ - Указатели литературы | |
| 700 | 1 | _aБунэ, Евгения Никитична | |
| 700 | 1 |
_aКабачник, М.И. _bред. _cedt |
|
| 710 | 2 | _aИнститут элементоорганических соединений АН СССР | |
| 090 | _c236418 | ||
| 999 |
_c234855 _d234855 |
||